Niger : Sixth Review Under the Extended Credit Facility and Request for Waiver for Nonobservance of Performance Criterion-Press Release; Staff Report; and Statement by the Executive Director for Niger.

With one of the world's lowest levels of human development, Niger has enormous needs but only limited own resources to meet them. Insecurity in the Sahel, climate change, and low prices for its uranium exports are further challenges. Niger's economy performed reasonably well before the out...

Celý popis

Podrobná bibliografie
Korporativní autor: International Monetary Fund. African Dept
Médium: Časopis
Jazyk:English
Vydáno: Washington, D.C. : International Monetary Fund, 2020.
Edice:IMF Staff Country Reports; Country Report ; No. 2020/292
On-line přístup:Full text available on IMF
LEADER 01696cas a2200241 a 4500
001 AALejournalIMF021335
008 230101c9999 xx r poo 0 0eng d
020 |c 5.00 USD 
020 |z 9781513560205 
022 |a 1934-7685 
040 |a BD-DhAAL  |c BD-DhAAL 
110 2 |a International Monetary Fund.  |b African Dept. 
245 1 0 |a Niger :   |b Sixth Review Under the Extended Credit Facility and Request for Waiver for Nonobservance of Performance Criterion-Press Release; Staff Report; and Statement by the Executive Director for Niger. 
264 1 |a Washington, D.C. :  |b International Monetary Fund,  |c 2020. 
300 |a 1 online resource (65 pages) 
490 1 |a IMF Staff Country Reports 
500 |a <strong>Off-Campus Access:</strong> No User ID or Password Required 
500 |a <strong>On-Campus Access:</strong> No User ID or Password Required 
506 |a Electronic access restricted to authorized BRAC University faculty, staff and students 
520 3 |a With one of the world's lowest levels of human development, Niger has enormous needs but only limited own resources to meet them. Insecurity in the Sahel, climate change, and low prices for its uranium exports are further challenges. Niger's economy performed reasonably well before the outbreak of the COVID-19 pandemic. GDP growth exceeded 6 percent and large foreign projects were attracted, notably a pipeline for the export of crude oil. A new government will take office in April 2021. 
538 |a Mode of access: Internet 
830 0 |a IMF Staff Country Reports; Country Report ;  |v No. 2020/292 
856 4 0 |z Full text available on IMF  |u http://elibrary.imf.org/view/journals/002/2020/292/002.2020.issue-292-en.xml  |z IMF e-Library